01195nam a2200241Ia 450000100060000000300090000600800410001504000130005604000130006904100130008210000210009510000290011624500640014524500640020925000110027326000100028426000300029426000410032430000430036550004910040865000230089965000310092233692IT-RoPAU130308s9999 xx 000 0 und d aIT-RoPAU cIT-RoPAU aFRANCESE aMucchielli Roger gCodice Aut. SPICS: 3482 aAnalyse de contenu (L')-Des documents et des communications bAnalyse de Contenu (L')-Des documents et des Communications a5a ed. aPARIS bEsf/Entreprise/Techniques c1984 [1° Ed.: - Ed.Ling.Originale:] a"196 p. (prefazione: no ; testo: 196)" aAnalisi del Contenuto dei Documenti e delle comunicazioni Metodologia Generale Metodi Logico Semantici e Loro Applicazioni Metodi Logico Estetici e Formali dell'Analisi di Contenuto Metodi di Analisi Semantiche e Strutturalibibliografia Lessico Applicazioni Pratiche tre Operazioni Intellettuali Astrarre Paragonare giudicare Dagli Enunciati Alle Categorie Problema del Riassunto Analisi di Stampa Analisi dei Processi di Racconto Analisi Componenziale Analisi del Racconto di un Sogno aSAGGI DI SEMANTICA eCodice materia Spics: 3307